• 首页
  • 本馆介绍
  • 公告通知
  • 最新文献
  • 馆藏检索
  • 电子资源
  • 读者导购
  • 参考咨询
  • 我的图书馆
  • 登录
  • 详细信息显示
  • 放入我的书架
  • 预约/预借图书
  • 作者相关作品
  • 分类相关作品
  • 丛书相关作品
  • 出版社相关作品

书目信息

  • 表格格式
  • 工作单格式
  • 卡片格式
题名:
俏皮话
    
 
作者: 吴趼人 著 ;卢叔度 辑注
分册:  
出版信息: 广州   广东人民出版社  1981
页数: 1册
开本: 19cm
丛书名:
单 册:
中图分类: I276.8
科图分类:
主题词: 寓言--中国--清代--选集
电子资源:
ISBN:
000 00666nam0 2200253 45
001 0181007896
005 20070728142357.87
010    @dCNY0.50
091    @aCN@b10111.231
100    @a19950510d1981 em y0chiy0121 ea
101 0  @achi
102    @aCN@b440000
105    @ay z 000zy
200 10 @a俏皮话@Aqiao pi hua@f(清)吴趼人著@g卢叔度辑注
205    @a2版
210    @a广州@c广东人民出版社@d1981
215    @a1册@d19cm
606    @a寓言@y中国@z清代@x选集
690    @aI276.8@v3
701  0 @a吴趼人@Awu jian ren@f清@4著
702  0 @a卢叔度@Alu shu du@4辑注
801  2 @aCN@bNLC@c20070728
801  0 @aCN@bTSSF@c20060911
905    @a10447@dI276.8@e21
    
    俏皮话/(清)吴趼人著/卢叔度辑注.-2版.-广州:广东人民出版社,1981
    1册;19cm
    
    
    ISBN :CNY0.50
    
●
相关链接 在E读中查询图书 在五车中查询图书 在当当中查询图书 在豆瓣中查询图书


正题名:俏皮话     索取号:I276.8/21         预约/预借

序号 登录号 条形码 馆藏地/架位号 状态 备注
1 0468110   204681102   密集书库/ [索取号:I276.8/21] 在馆    
2 0468111   204681111   密集书库/ [索取号:I276.8/21] 在馆    
3 0475334   204753347   密集书库/ [索取号:I276.8/21] 在馆    
4 0786591   207865915   密集书库/ [索取号:I276.8/21] 在馆    
唐山师范学院图书馆 欢迎您!
大连网信软件有限公司© 版权所有